| 000 | 00538cam a2200157 a 4500 | ||
|---|---|---|---|
| 020 | _a0195775708 | ||
| 082 | 0 | 0 |
_a954.9105 _bARI _cL-28, P-152 |
| 100 | 1 |
_aArif, K. M. _937756 |
|
| 245 | 1 | 0 |
_aWorking with Zia : _bPakistan's power politics, 1977-1988 / _cKhalid Mahmud Arif. |
| 260 |
_aKarachi : _bOxford University Press, _c1995. |
||
| 300 |
_axx, 435 p. : _bill. ; _c23 cm. |
||
| 526 |
_a0 _b0 _c0 _d954_910500000000000_ARI |
||
| 650 |
_aMCE _9379 |
||
| 856 | 4 | 2 | _uhttp://www.loc.gov/catdir/enhancements/fy0639/95930654-d.html |
| 942 |
_2ddc _cBK |
||
| 999 |
_c542551 _d542551 |
||